La Espada y el Canelo
محفوظ في:
| المؤلف الرئيسي: | |
|---|---|
| التنسيق: | كتاب |
| اللغة: | الإسبانية |
| منشور في: |
Santiago
Zig-Zag
1988
|
| الطبعة: | 12a. ed |
| سلاسل: | Colección juvenil Zig-Zag
|
| الموضوعات: | |
| الوسوم: |
إضافة وسم
لا توجد وسوم, كن أول من يضع وسما على هذه التسجيلة!
|
MARC
| LEADER | 00000nam a2200000 a 4500 | ||
|---|---|---|---|
| 001 | UCH4416 | ||
| 003 | CL-VaPUC | ||
| 008 | 090818e19880000CL |||||||||||||||||spa|d | ||
| 020 | |a 9561203439 | ||
| 082 | 0 | 4 | |a Ch863 |b MAG |2 21 |
| 100 | |a Magnet, Alejandro |e author |9 545659 | ||
| 245 | 1 | 3 | |a La Espada y el Canelo |
| 250 | |a 12a. ed | ||
| 300 | |a 143 p | ||
| 942 | |c BK | ||
| 945 | |d 20090818 00:00:00 |a ccalabra | ||
| 260 | |a Santiago |b Zig-Zag |c 1988 | ||
| 650 | 0 | |a Literatura chilena |9 308278 | |
| 650 | 0 | |a Novelas chilenas |9 265425 | |
| 650 | 0 | |a Ficción |9 376687 | |
| 650 | 0 | |a Lectura |9 307634 | |
| 650 | 0 | |a Historia de Chile |9 265473 | |
| 650 | 0 | |a Conquista |9 339504 | |
| 583 | |a last modification |c 20090818 00:00:00 |k Rodrigo Vera | ||
| 490 | 0 | |a Colección juvenil Zig-Zag | |
| 999 | |c 335740 |d 335738 | ||